000 00959cam a2200325 4500
005 20260322212008.0
008 data
010 _a 72000102
020 _a0688001793
020 _a9780688001797
040 _aDLC
_cDLC
_dDLC
_dOCoLC
_dDLC
050 0 0 _aPR6069.T46
_bHo
_aPR6069.T46
082 0 0 _a823/.9/14
099 _aSTEWAM
100 1 _aStewart, Mary,
_d1916-
245 1 4 _aThe hollow hills.
_cMary Stewart.
260 _aNew York,
_bMorrow,
_c1973.
300 _a499 p.
_bmap (on lining papers)
_c22 cm.
350 _a{dollar}7.95
500 _aSequel to The crystal cave; sequel: The last enchantment.
600 0 0 _aArthur,
_cKing
_xFiction.
650 0 _aMerlin (Legendary character)
_xFiction.
650 0 _aArthurian romances
_xAdaptations.
650 0 _aKings and rulers
_vFiction.
650 0 _aBritons
_vFiction.
650 0 _aWizards
_xFiction.
655 7 _aHistorical fiction.
_2gsafd
655 7 _aFantasy fiction.
_2gsafd
001 data
999 _c141
_d141